000 00213 a2200097 4500
001 25510
100 _aHohn
245 _aDictionary of electrotechnology
260 _a
_bChapman and Hall
_c
090 _c17234
_d17234
942 _aNUST-CAE
_cM
_c8041
999 _c260583
_d260583